Statistics for Country by Photo of its Leader #2

Click here to take the quiz!

General Stats

  • This quiz has been taken 3,059 times
    (2,992 since last reset)
  • The average score is 7 of 16

Answer Stats

Answer% Correct
North Korea
98%
Vatican City
96%
South Korea
67%
Israel
63%
New Zealand
62%
United Arab Emirates
60%
Philippines
52%
South Africa
42%
Venezuela
42%
Nigeria
36%
Hungary
32%
Greece
25%
Brunei
19%
Ireland
19%
Argentina
14%
Cuba
11%

Score Distribution

Percentile by Number Answered

Percent of People with Each Score

Your Score History

You have not taken this quiz since the last reset